|
|
|
|
| LEADER |
00000nam a2200000 4500 |
| 008 |
191217b2003 cr ||||| |||| 00| | spa d |
| 999 |
|
|
|c 3844
|d 3844
|
| 020 |
|
|
|a 9977151045
|
| 090 |
|
|
|a 08.16.01
|b 628
|
| 100 |
|
|
|9 2923
|a Pérez Sánchez, Rolando
|
| 245 |
1 |
0 |
|a Psicología social de la comunicación de las masas: introducción a las teorías psicosociales de la recepción mediática /
|c Rolando Pérez Sánchez
|
| 260 |
|
|
|a San José, Costa Rica:
|b SIEDIN,
|c 2003
|
| 300 |
|
|
|a 89 páginas
|
| 650 |
1 |
4 |
|9 657
|a PSICOLOGÍA
|
| 650 |
1 |
4 |
|9 1029
|a COMUNICACIÓN DE MASAS
|
| 942 |
|
|
|i 00974
|h 08.16.01 628
|2 z
|c 01
|